|
|
|
|
| LEADER |
00788cam a2200241ua 4500 |
| 008 |
060930t2004||||||||||| 000 ||eng c |
| 020 |
|
|
|a 81-7304-295-0
|
| 041 |
0 |
|
|a eng
|
| 082 |
|
|
|a 307.72 0954
|b LAN
|
| 245 |
1 |
0 |
|a Land system and rural sociology in early India /
|
| 250 |
|
|
|a 1st.
|
| 260 |
|
|
|a New Delhi:
|b Manohar,
|c 2004.
|
| 300 |
|
|
|a xiv,380p..
|
| 362 |
1 |
|
|a 2004.
|
| 365 |
|
|
|a Rs. 250/.
|e pb
|
| 440 |
|
0 |
|a Readings in early Indian history
|
| 490 |
0 |
|
|a Readings in early Indian history
|
| 500 |
|
|
|a Includes bibliography.
|
| 650 |
|
|
|a Rural communities-India
|
| 650 |
0 |
|
|a Village life-India
|
| 942 |
|
|
|c BK
|
| 999 |
|
|
|c 13186
|d 13186
|
| 952 |
|
|
|0 0
|1 0
|4 0
|6 307_720000000000000_0954_LA
|7 0
|9 13750
|a KUCL
|b KUCL
|d 2014-05-23
|l 2
|m 1
|o 307.72 0954 LA
|p 15684
|r 2017-09-02
|s 2017-07-13
|w 2014-05-23
|y BK
|